[Event "Brno Morava-A"]
[Site "Brno"]
[Date "1991.??.??"]
[Round "2"]
[White "Polgar, Judit"]
[Black "Stohl, Igor"]
[Result "1/2-1/2"]
[WhiteElo "2550"]
[BlackElo "2555"]
[Annotator "Stohl,I"]
[PlyCount "62"]
[EventDate "1991.09.??"]
[EventType "tourn"]
[EventRounds "9"]
[EventCountry "CSR"]
[EventCategory "13"]
[SourceTitle "CBM 026"]
[Source "ChessBase"]
[SourceDate "1992.02.01"]
[SourceVersion "1"]
[SourceVersionDate "1992.02.01"]
[SourceQuality "1"]

1. e4 d6 2. d4 Nf6 3. Nc3 g6 4. f4 Bg7 5. Nf3 O-O 6. Bd3 Nc6 7. O-O e5 $5 (7...
Bg4 8. e5 dxe5 9. dxe5 Nd5 10. h3 $14) 8. fxe5 (8. dxe5 dxe5 9. f5 gxf5 10.
exf5 e4 $1 $10) 8... dxe5 9. d5 Nd4 (9... Ne7 10. Nxe5 Nfxd5 11. Nxf7 $5 $146)
10. Nxe5 Nxe4 $1 (10... Nxd5 11. Nxd5 Bxe5 12. Bf4 $14) 11. Bxe4 (11. Nxe4 Bxe5
12. c4 Nf5 $1 $15 {Zagorovsky,V-Mohrlok,D,1990 cr}) 11... Bxe5 12. Bf4 Bxf4 (
12... Bg7 $5 13. Qd2 Bd7 {/\Nf5-d6,f5<=>}) 13. Rxf4 Nf5 14. Bxf5 $1 (14. Rf2
Nd6 15. Bd3 Bd7 16. Qf3 f5 17. Re2 Qf6 18. Qf4 Rae8 $15 {Van Wijgerden,
C-Donner,JH,Amsterdam 1977}) 14... Bxf5 15. Qd4 $5 {N} (15. Qd2 Qd6 16. Raf1 (
16. g4 $6 Bd7 17. Ne4 Qb6+ 18. Qf2 f5 $36) 16... Rae8 $10 {Bisguier,A-Timman,J,
Lone Pine 1978}) 15... Bxc2 $1 (15... Qd6 $2 16. g4 Bd7 17. Ne4 $1 $18) (15...
Qe7 $5 16. Ne4 $5 Bxe4 17. Rxe4 $14 {[+]}) 16. Raf1 (16. Re1 $5 f5 (16... Bf5
$2 17. g4 Bc8 18. d6 $1 c6 19. Re7 $18 {/\Ne4->}) (16... h5 $5 {/\Bf5}) 17. Qc4
Kh8 18. Nb5 (18. Rf2 Be4 $10) 18... Be4 19. Nxc7 Rc8 20. Qd4+ Qf6 $1 $10) (16.
g4 $6 g5 {/\Bg6}) 16... Qe7 $1 (16... Bf5 17. Rxf5 $1 (17. g4 Bd7 18. Ne4 f5
19. g5 $1 $36) 17... gxf5 18. Rxf5 f6 $8 19. Ne4 Kg7 20. Ng5 Qd7 21. Qg4 $1 (
21. Ne6+ $2 Kh8 22. Rxf6 Rxf6 23. Qxf6+ Kg8 $10) 21... Kh8 22. Nxh7 $1 Qxh7 23.
Rh5 $14 {_|_}) 17. Qd2 (17. g4 f5 $10) 17... Bf5 18. g4 Bc8 $1 $8 (18... Bd7 $2
19. d6 $1 Qe5 (19... cxd6 20. Nd5 $40) (19... Qxd6 20. Rd4 Qc5 (20... Qb6 21.
Nd5 $18) 21. Ne4 $18) 20. Nd5 Bc6 21. Nf6+ Kg7 22. d7 $16 (22. dxc7 $16)) 19.
d6 $1 (19. Ne4 f5 20. g5 Bd7 21. Nf6+ Rxf6 22. gxf6 Qxf6 $15) 19... Qxd6 (19...
cxd6 20. Nd5 $16) 20. Rd4 Qe5 21. Nd5 (21. Re1 $6 Qg7 22. Nd5 Be6 23. Nxc7 Rac8
$15 {׻}) 21... Be6 (21... f6 22. Re1 Qg5 23. Qxg5 fxg5 24. Nxc7 Rb8 25. Re7
$36) 22. Nf6+ Kg7 23. b4 $1 {/\Re4,Qb2} (23. Re4 $2 Qc5+ 24. Kh1 Rad8 $19 {
/\Bd5}) 23... Bf5 $8 (23... Qxf6 $6 24. Rxf6 Kxf6 25. Qh6 c6 26. a3 $5 $14 {
->עf6}) 24. g5 (24. Nxh7 Kxh7 25. gxf5 Rae8 (25... g5 $5 $15) 26. Rh4+ Kg8 $15
) 24... Rfe8 (24... Rae8 25. Rh4 h5 26. Nxe8+ Rxe8 27. Qd4 $10) 25. Rd1 $6 {
/\Rd5} (25. Rh4 $142 h5 26. Nxe8+ $10) 25... c6 $1 (25... Qe3+ $4 26. Qxe3 Rxe3
27. Rd8 $18) 26. Nxe8+ Rxe8 27. Rd6 Qe3+ $138 (27... h6 $5 28. gxh6+ Kh7 $15 {
Polgar,J}) 28. Qxe3 Rxe3 29. Rd8 h6 30. Rb8 hxg5 $6 (30... b5 $142 31. gxh6+
Kxh6 32. Rb7 Ra3 33. Rxf7 Rxa2 34. Rd6 Be4 35. Rf2 Ra1+ 36. Rf1 Ra4 37. Rd4 Bd5
38. Rfd1 Kg7 $15) 31. Rxb7 Ra3 (31... Ra3 32. Rd2 Be6 33. Rc7 a5 $1 $10 {
[Stohl]}) 1/2-1/2

[Event "Biel SKA"]
[Site "Biel"]
[Date "1991.??.??"]
[Round "5"]
[White "Bareev, Evgeny"]
[Black "Christiansen, Larry Mark"]
[Result "0-1"]
[WhiteElo "2680"]
[BlackElo "2600"]
[Annotator "Stohl,I"]
[PlyCount "104"]
[EventDate "1991.07.??"]
[EventType "tourn"]
[EventRounds "14"]
[EventCountry "SUI"]
[EventCategory "15"]
[SourceTitle "CBM 025"]
[Source "ChessBase"]
[SourceDate "1991.12.01"]
[SourceVersion "1"]
[SourceVersionDate "1991.12.01"]
[SourceQuality "1"]

1. d4 d6 2. e4 Nf6 3. Nc3 g6 4. f4 Bg7 5. Nf3 Na6 $5 {N} (5... c6 $6 6. Bd3 O-O
7. O-O Bg4 8. Qe1 Bxf3 9. Rxf3 Qb6 10. Ne2 e5 11. fxe5 dxe5 12. Qh4 Nbd7 13.
Bg5 Nh5 14. Be7 Nf4 15. Bxf8 Rxf8 16. Qe7 Nxe2+ 17. Bxe2 exd4 18. Rb3 $16 {
Krasenkov,M-Komljakov,V,Podolsk tt 1990-TD90_02}) (5... Bg4 6. Be3 c5 $6 7.
dxc5 Qa5 8. Bd3 dxc5 9. e5 Nfd7 10. h3 Bxf3 11. Qxf3 Nc6 12. O-O O-O 13. Rad1
Rad8 14. a3 $16 {Pirisi,G-Szollosi sr,L,Budapest Noviki-C 1989-TD89_11}) (5...
c5) (5... O-O) 6. Bc4 (6. Bd3 O-O {-5...0-0} (6... c5 7. d5 O-O 8. O-O {
-5...0-0})) 6... O-O 7. e5 (7. O-O $6 Nxe4 $1 8. Bxf7+ (8. Nxe4 d5 9. Bd3 (9.
Bxa6 $6 dxe4 $36) 9... dxe4 10. Bxe4 c5 $15) 8... Rxf7 9. Nxe4 h6 $13) 7... Nh5
8. Be3 (8. O-O c5 9. d5 $5 Bg4 10. Qe2 $36 {()}) 8... c5 $1 9. O-O (9. Bxa6
cxd4 $8 10. Bxd4 bxa6 11. exd6 Qxd6 $13) (9. dxc5 Nxc5 10. O-O Bg4 $132) (9. d5
Bg4 $13) 9... cxd4 10. Qxd4 $8 Bf5 11. Rf2 Nc5 (11... dxe5 12. fxe5 $14 {><h5})
(11... Nb4 $6 12. Bxf7+ Rxf7 13. Qxb4 $16) 12. Rd1 Rc8 (12... Ne6 $5 13. Qd2 (
13. Bxe6 Bxe6 $132) 13... Rc8 $132) 13. Ng5 Qe8 $5 (13... h6 14. Nxf7 $1 Rxf7
15. Bxf7+ Kxf7 16. Qd5+ Be6 17. Qf3 $40 {/\g4}) 14. Bb5 (14. h3 h6 $5 15. Bxf7+
(15. Nxf7 Ne6 $1 16. Bxe6 Bxe6 $15) 15... Rxf7 16. Nxf7 Ng3 17. Rf3 (17. Kh2
Nge4 $15) 17... Nce4 $13) (14. Nd5 $5 $36) 14... Qd8 15. Be2 $6 (15. Bc4 $10)
15... h6 16. Nf3 (16. Bxh5 hxg5 $15) 16... Bxc2 17. Rd2 (17. g4 Bxd1 18. Qxd1
Nxf4 19. Bxf4 dxe5 $15) 17... Bf5 18. Nh4 Bd7 19. Rd1 $6 (19. g4 $2 Nf6 $17) (
19. Bxh5 $8 gxh5 20. Nd5 $132) 19... Nf6 $1 20. f5 $1 (20. exf6 Bxf6 $19 {/\Bh4
}) 20... dxe5 (20... g5 21. Nf3 dxe5 22. Nxe5 $146) 21. Qb4 (21. Qxe5 Ng4 $19)
21... a5 22. Qa3 Nce4 23. Nxe4 Nxe4 24. Rff1 g5 25. f6 $1 $8 (25. Nf3 Nd6 $19)
25... exf6 (25... Nxf6 $6 26. Nf5 Re8 27. Bc5 $132) (25... Bxf6 26. Nf5 $146)
26. Nf5 Qc7 27. Ne7+ Kh8 28. Nxc8 Rxc8 29. Qe7 (29. g4 Bf8 30. Qd3 Bc6 $17)
29... Be6 30. Qxc7 Rxc7 31. Rd8+ Kh7 32. g4 (32. Bd3 f5 33. g4 $132) 32... f5
33. gxf5 $2 (33. Bd3 $8 Bc4 (33... Kg6 34. gxf5+ Bxf5 35. Bb6 Rc6 36. Bxa5 Bf6
37. Rb8 $36) 34. Rxf5 Bxd3 35. Rxd3 Kg6 $15) 33... Bxa2 34. f6 (34. Bd3 Nf6 $17
) 34... Nxf6 35. Bb5 (35. Bd3+ e4 $19) 35... Be6 36. Bb6 Rc8 37. Rxc8 Bxc8 38.
Bxa5 Kg6 $19 39. Bc4 Bh3 40. Re1 e4 41. Re3 Bd7 42. b4 Bf8 {/\Bd6-f4} 43. Re1
Bd6 44. Rd1 Bf4 45. Bb6 h5 {/\h4-h3} 46. Ra1 Ng4 47. Bd5 (47. h3 Ne5 48. Bf1
Bd2 $19) 47... Bxh2+ 48. Kg2 Be5 49. Ra8 (49. Bxe4+ $2 f5 $19) 49... Nf6 50.
Bxb7 h4 51. Be3 h3+ 52. Kh1 Bg4 {/\Bf3,h2 [Stohl]} 0-1

[Event "URS-chT Republics 19th Group1"]
[Site "Azov"]
[Date "1991.??.??"]
[Round "2"]
[White "Beliavsky, Alexander G"]
[Black "Kantsler, Boris"]
[Result "1-0"]
[WhiteElo "2655"]
[BlackElo "2430"]
[Annotator "Stohl,I"]
[PlyCount "83"]
[EventDate "1991.??.??"]
[EventType "team-tourn"]
[EventRounds "5"]
[EventCountry "URS"]
[SourceTitle "EXT 2020"]
[Source "ChessBase"]
[SourceDate "2019.10.17"]
[SourceVersion "1"]
[SourceVersionDate "2019.10.17"]
[SourceQuality "1"]
[WhiteTeam "Ukraine"]
[BlackTeam "Kirgizia"]
[WhiteTeamCountry "UKR"]
[BlackTeamCountry "KGZ"]

1. e4 d6 2. d4 Nf6 3. Nc3 g6 4. f4 Bg7 5. Nf3 c5 6. Bb5+ Bd7 7. e5 Ng4 8. e6
Bxb5 (8... fxe6 $5 9. Ng5 Bxb5 10. Nxb5 Qa5+ 11. c3 Qxb5 12. Nxe6 Na6 13. Nxg7+
Kf7 14. Qxg4 $5 (14. Ne6 Nf6 15. Ng5+ Kg7 16. Ne6+ $10 {Van der Wiel,
J-Seirawan,Y,Luzern tt 1989-CBM 16}) 14... Kxg7 15. Be3 Qxb2 16. O-O Qxc3 17.
Rae1 Rhf8 $1 18. f5 Rxf5 {Anand,V-Gurevich,M,Linares 1991-CBM 22} 19. Bh6+ $1
Kxh6 (19... Kh8 20. Rxf5 Qxe1+ 21. Rf1 Qc3 22. Qe6 Qxd4+ 23. Kh1 Qh4 $8 24. Bf8
$1 Rxf8 25. Rxf8+ Kg7 26. Rf7+ Kh6 27. Qe3+ $18 {Gurevich,M}) 20. Qh4+ Rh5 21.
Qf4+ Rg5 22. Qh4+ $10 {Gurevich,M}) 9. exf7+ Kd7 10. Nxb5 Qa5+ 11. Nc3 cxd4 12.
Nxd4 Bxd4 $1 (12... h5 13. h3 Nc6 14. Nde2 Nh6 15. Be3 Rhf8 16. Qd3 Nf5 17. Bf2
Rxf7 18. O-O-O h4 19. Kb1 Rc8 20. Qe4 Nd8 21. Rhe1 $14 {Beliavsky,A-Tal,M,
Brussels 1988-CBM 07}) 13. Qxd4 (13. Qxg4+ Qf5 $15) 13... Nc6 14. Qc4 $1 (14.
Qe4 Qf5 15. Bd2 Rhf8 16. Qf3 Rab8 17. Ne2 Rxf7 18. O-O-O Nf6 19. Kb1 Qe4 $13 {
Beliavsky,A-Carr,N,London op 1985}) (14. Qd1 Qf5 15. h3 Qe6+ 16. Qe2 Qxe2+ 17.
Nxe2 Nh6 18. Bd2 Rhf8 19. g4 Nxf7 20. O-O-O Rac8 21. Bc3 b5 $10 {Clausen,S-Hoi,
C,Copenhagen 1986}) 14... Rhf8 (14... Qb6 15. Qe2 h5 16. Bd2 (16. h3 Nh6 17.
Bd2 (17. Be3 Qxb2 18. Kd2 b6 19. Rab1 Qa3 $15) 17... Nf5 18. O-O-O $5 Ng3 19.
Qd3 Nxh1 20. Rxh1 {Bryson,J-Svenningson,J,1983 cor} Raf8 $1 21. Qxg6 Nd8 $13)
16... Nd4 17. Qd3 Nf5 18. Ne4 Nge3 (18... Rac8 19. O-O-O Nge3 20. Bxe3 Nxe3 21.
c3 $1 Nxd1 22. Rxd1 Qa6 23. Qh3+ Kc7 24. Qe6 Kb8 {Hellers,F-Ivanchuk,V,
Champigny 1984} 25. Qxe7 $1 Qxa2 26. Nxd6 Qa1+ 27. Kc2 Qa4+ 28. Kd2 Qxf4+ 29.
Ke1 $18) 19. Bxe3 Qxe3+ 20. Qxe3 Nxe3 21. Kd2 Nxg2 22. Rhf1 Rhf8 23. Ng5 Nh4
24. Rae1 $36 {Hellers,F-Wessman,R,Sundwall 1984}) (14... Rac8 15. h3 Nf6 16.
Be3 b5 $6 17. Qb3 b4 18. Ne2 Qb5 19. c4 Qh5 20. Ng3 Qh4 21. Bf2 Qxf4 22. O-O
$40 {עd7,Chandler,M-Carr,N,BCF-ch 1989-CBM 15}) 15. Bd2 Rac8 (15... Qf5 16. h3
Nf6 17. O-O-O Qe6 18. Qd3 Qxf7 19. Rhe1 Rad8 20. Kb1 Kc8 21. g4 $14 {Timman,
J-Spassky,B,Tilburg 1981}) 16. h3 $5 {N} (16. Qe2 Qf5 17. h3 Nf6 18. g4 Qe6 19.
Qxe6+ Kxe6 20. O-O-O Rxf7 21. Rhe1+ Kd7 22. Ne4 $10 {Balashov,Y-Sigurjonsson,G,
Cienfuegos 1975}) (16. Nd5 Qc5 17. Qxc5 dxc5 18. h3 Nf6 19. Nxf6+ exf6 20.
O-O-O Kc7 21. f5 Rxf7 22. Bf4+ Kb6 23. fxg6 hxg6 24. Rhe1 $14 {Borkowski,
F-Pribyl,J,Eksjö 1978}) 16... Nf6 (16... Nb4 $2 17. Qb3 $16 {/\a3}) (16... Nh6
17. O-O-O Nxf7 18. Rhe1 $16) 17. O-O-O Qa6 $8 18. Qxa6 bxa6 19. Rhe1 Rxf7 20.
b3 Nd4 $6 (20... h5 $142 $5 $132 {/\h4,Nh5}) 21. Kb2 Nh5 (21... h5 22. Be3 Nc6
23. Na4 Kc7 24. c4 $36) 22. Re4 Nb5 23. Ne2 $1 {><a7,a6} (23. Nxb5 axb5 24. g4
Nf6 25. Rb4 a6 26. a4 Nd5 $10) 23... Nf6 24. Ra4 Nc7 $8 25. Be3 Ra8 26. c4 $1 {
/\c5} Kc6 27. Nd4+ Kd7 28. Nf3 {/\Ne5} Kc6 29. Nd4+ Kd7 30. Ra5 $1 Rff8 (30...
h5 31. Nf3 Kc6 32. Nh4 $16 {><g6,a7}) 31. g4 {()} Ne4 32. f5 gxf5 33. Nxf5 {
/\Re5+-} Rf7 (33... Ke8 34. Re1 $40) 34. Re5 Nf6 $8 35. Rxe7+ $1 Rxe7 36. Rxd6+
Ke8 37. Rxf6 Rd7 $8 (37... Re6 $4 38. Ng7+ $18) 38. Bf4 {/\Bd6+-} Kd8 (38...
Rad8 39. Bd6 Rf7 40. Rxf7 $18) 39. Rf8+ Ne8 40. Bd6 $1 $18 h6 41. c5 {/\c6} Rc8
42. Nd4 (42. Nd4 Rxd6 (42... Rb7 43. c6 {/\Ne6#}) (42... Rh7 43. c6 $18) 43.
cxd6 Kd7 44. Rf7+ Kxd6 45. Rxa7 $18 {[Stohl]}) 1-0

[Event "FRA-ch"]
[Site "Montpellier"]
[Date "1991.??.??"]
[Round "?"]
[White "Prie, Eric"]
[Black "Chabanon, Jean Luc"]
[Result "1-0"]
[WhiteElo "2460"]
[BlackElo "2435"]
[Annotator "Stohl,I"]
[PlyCount "147"]
[EventDate "1991.08.??"]
[EventType "tourn"]
[EventRounds "15"]
[EventCountry "FRA"]
[EventCategory "8"]
[SourceTitle "CBM 027"]
[Source "ChessBase"]
[SourceDate "1992.04.01"]
[SourceVersion "1"]
[SourceVersionDate "1992.04.01"]
[SourceQuality "1"]

1. e4 {Ernst} d6 2. d4 Nf6 3. Nc3 g6 4. f4 Bg7 5. Nf3 c5 6. Bb5+ Bd7 7. e5 Ng4
8. e6 fxe6 9. Ng5 Bxb5 10. Nxe6 (10. Qxg4 Bc4 (10... Bd7 $2 11. Nxh7 Kf7 12.
Ng5+ Kf8 13. Nxe6+ Bxe6 14. Qxe6 cxd4 15. Ne4 Qa5+ 16. Bd2 Qf5 17. Ng5 Na6 18.
Qxf5+ gxf5 19. Ne6+ Kf7 20. Nxg7 Kxg7 21. c3 $1 d3 22. Be3 $16 {Atkinson,
P-Weidig,T,Mamaia-WchJ 1991-EXP 25}) 11. b3 (11. Nxh7 $6 Kd7 $1 $36) 11... Bxd4
12. Bd2 Bd5 13. Nxd5 exd5 14. O-O-O Nc6 $1 (14... Qd7 15. Ne6 Nc6 16. f5 Bf6
17. Rhe1 Nd8 18. Bg5 $16 {Nunn,J-Benjamin,J,Thessaloniki olm 1988-TD 88_06})
15. Qe6 Qc8 16. Qf7+ Kd7 17. Qxd5 Qg8 18. Qxg8 Rhxg8 19. Nxh7 b5 20. Ng5 b4 $10
{Nunn,J-Seirawan,Y,Skelleftea WCup 1989-CBM 14}) (10. Nxb5 Qa5+ 11. c3 Qxb5 12.
Qxg4 (12. Nxe6 Na6 13. Nxg7+ Kf7 14. Ne6 $5 (14. Qxg4 Kxg7 $10) 14... Kxe6 $1 (
14... Nf6 15. Ng5+ Kg7 16. b3 cxd4 17. Ne6+ Kf7 18. Nxd4 Qc5 19. Qf3 Qd5 20.
Qxd5+ Nxd5 21. c4 Ndb4 22. O-O $14 {Hellers,F-Seirawan,Y,Haninge 1990-CBM 18})
15. Qxg4+ Kf7 16. f5 $6 cxd4 17. fxg6+ hxg6 18. Rf1+ Ke8 19. Qxd4 Rxh2 $1 20.
Qf2 Qd5 21. Be3 Rxg2 $1 22. Qf8+ Kd7 23. Qxa8 Qe4 24. Qxa7 Nc5 $19 {Petursson,
M-Thorsteins,K,Reykjavik op 1990-EXP 18}) 12... cxd4 13. Nxe6 Qc4 14. f5 $5 (
14. Nxg7+ Kf7 15. Nf5 Qe6+ 16. Ne3 dxe3 17. Qxe6+ Kxe6 18. Bxe3 $10) 14... Bf6
15. fxg6 Rg8 16. g7 Nc6 17. Nc7+ Kd8 18. Ne6+ Ke8 19. Nc7+ $10 {Watson,
W-Shirov,A,Gausdal Troll Masters 1991-TD 91_06}) 10... Bxd4 11. Nxb5 (11. Nxd8
Bf2+ 12. Kd2 Be3+ $10) 11... Qa5+ 12. Qd2 (12. c3 Bf2+ 13. Kd2 Be3+ 14. Kc2
Qa4+ 15. Kb1 Qe4+ 16. Qc2 Qxc2+ 17. Kxc2 Kd7 18. Nec7 a6 19. Nxa8 axb5 20. a4
bxa4 21. Rxa4 Kc6 $146 {Lanc,A-Paehtz,T,Dresden 1988-CBM 10}) 12... Bf2+ 13.
Kd1 Ne3+ $8 (13... Qa4 14. Qe2 $1 Kf7 15. b3 $18) 14. Ke2 Qxb5+ 15. Kxf2 Ng4+
16. Kg3 Qd7 17. Re1 Nc6 $5 {N} (17... Nh6 18. b3 Nc6 19. Bb2 Nf5+ 20. Kf2 Nfd4
21. Kg1 Nxe6 $5 22. Bxh8 O-O-O 23. Bb2 Rf8 24. Rf1 $14 {De Firmian,N-Alburt,L,
Jacksonville ch-US m 1990-CBM 21}) 18. b3 $1 (18. Kxg4 $2 Nd4 19. Qe3 Kf7 $17)
18... Nd8 (18... Nh6 {-17...Nh6}) 19. Bb2 Rg8 20. Ng5 Nc6 $6 (20... h6 $2 21.
Ne4 {/\Nd6,h3+-}) (20... Nf7 $142 $1 21. h3 (21. Ne6 Nd8 $10) (21. Rad1 Ngh6 (
21... Nxg5 $6 22. fxg5 $16 {/\h3+-}) 22. Ne6 Nd8 $10) 21... Ngh6 (21... Nxg5 $2
22. fxg5 $16) 22. Ne6 $10 (22. Nxh7 $6 O-O-O $15)) 21. Rad1 $1 (21. Ne6 Nd8 $10
) 21... Nh6 22. Ne6 (22. h3 $142 $1 {-24.h3}) 22... Nd8 23. Ng5 (23. Nxc5 $4
Qg4+ $19) 23... Nc6 (23... Ndf7 $142 $1 {-20...Nf7!}) 24. h3 $1 O-O-O (24...
Nf5+ 25. Kh2 $146 {עe8}) 25. Ne6 Rde8 26. Nxc5 Qf5 27. Ne6 $16 {/\Ng7} g5 $5 (
27... Qf7 28. Kh2 $16) 28. fxg5 Nf7 (28... Rg6 29. Kh2 $1 Rxe6 30. gxh6 $16)
29. Ng7 Rxg7 30. Bxg7 Rg8 31. Bb2 Nxg5 32. Kh2 Ne4 33. Qe3 d5 {/\Rg3~/=} 34.
Rxd5 $1 (34. Rf1 Qg6 35. Qf3 e6 $132) 34... Qxd5 35. Qxe4 Qd6+ 36. Be5 Nxe5 (
36... Qd7 37. Re2 $16) 37. Qxe5 Kd7 38. Re3 {/\Rd3+-} Rg5 (38... Qxe5+ 39. Rxe5
Kd6 40. Rh5 Rg7 41. g4 $18 {_|_}) 39. Qxd6+ Kxd6 40. Rd3+ Kc6 41. g4 Ra5 42. a4
b5 43. axb5+ Rxb5 44. Kg3 Rc5 45. c4 a5 46. Rd8 Re5 47. Kf4 Re1 48. Rd5 (48.
Rh8 $142 $18) 48... Ra1 49. Ke4 $6 (49. Rh5 a4 50. bxa4 Rxa4 51. Rxh7 Rxc4+ 52.
Kf5 $18) 49... Ra3 50. h4 Rxb3 51. Rxa5 Rc3 52. Kd4 Rg3 53. Rg5 Kd6 54. c5+ Kd7
55. Kd5 Rd3+ 56. Ke4 Rc3 57. Rd5+ Kc6 58. Re5 Rc4+ (58... Rxc5 59. Rxc5+ Kxc5
60. Ke5 $18) 59. Kf5 Kd7 (59... Rxc5 {Ernst} 60. Rxc5+ Kxc5 61. Ke6 Kd4 62. g5
Ke4 63. h5 $18) 60. h5 Ke8 61. g5 $18 Rh4 62. c6 Rc4 (62... Rxh5 63. Rd5 $1 {
/\c7} Kf7 64. c7 e6+ 65. Kg4 $18) 63. Re6 Rc5+ 64. Kg4 Rc4+ 65. Kf3 Kf7 66. Rh6
Kg7 67. Ke3 Rg4 68. Re6 Kf7 (68... Rxg5 69. Rxe7+ Kh6 70. Kd4 $18) 69. Rh6 Kg7
70. Re6 Kf7 71. g6+ $1 hxg6 (71... Kxe6 72. gxh7 $18) 72. Re4 Rg3+ (72... Rxe4+
73. Kxe4 Ke8 74. hxg6) 73. Kd4 Ke8 $8 74. c7 (74. c7 Kd7 75. Rxe7+ Kc8 76. h6
$18) 1-0

[Event "Rishon Le Ziyyon"]
[Site "Rishon Le Ziyyon"]
[Date "1994.??.??"]
[Round "3"]
[White "Liss, Eran"]
[Black "Chernin, Alexander"]
[Result "1/2-1/2"]
[WhiteElo "2480"]
[BlackElo "2615"]
[Annotator "Stohl,I"]
[PlyCount "84"]
[EventDate "1994.11.??"]
[EventType "tourn"]
[EventRounds "11"]
[EventCountry "ISR"]
[EventCategory "11"]
[SourceTitle "CBM 045"]
[Source "ChessBase"]
[SourceDate "1995.04.01"]
[SourceVersion "1"]
[SourceVersionDate "1995.04.01"]
[SourceQuality "1"]

1. e4 d6 2. d4 Nf6 3. Nc3 g6 4. f4 Bg7 5. Nf3 c5 6. Bb5+ Bd7 7. e5 Ng4 8. Bxd7+
Qxd7 9. d5 dxe5 10. h3 e4 11. Nxe4 Nf6 12. Nxf6+ Bxf6 13. O-O O-O 14. Be3 Bxb2
$5 $146 (14... Na6 15. Ne5 Qd6 16. Ng4 Bxb2 17. Rb1 Bg7 18. f5 Nb4 $5 (18...
Nc7 19. Rxb7 Nxd5 20. f6 $1 exf6 21. c4 h5 22. Nh6+ Kh7 23. Nf5 gxf5 24. cxd5
Kg8 25. Rxf5 $16 {Yusupov,A-Adams,M/Dortmund/1994/}) 19. c4 Nxa2 20. Rxb7 Nc3
21. Qd3 gxf5 22. Rxf5 Qg6 23. Ne5 Ne2+ 24. Kf2 Bxe5 25. Rg5 Nf4 26. Rxg6+ fxg6
27. Qe4 Bd6 $132 {Yusupov,A-Hort,V/BL 9394/1994/}) (14... e6 15. Bxc5 Rd8 16.
Bd4 Bxd4+ 17. Qxd4 Qxd5 18. Qxd5 Rxd5 19. Rad1 Nc6 20. Rxd5 exd5 21. Rd1 Rd8
22. g4 f6 23. Kf2 Kf7 24. c3 Na5 25. Nd4 $14 {Dolmatov,S-Chernin,A/Sverdlovsk
1L/1984/}) 15. Rb1 Bg7 $1 (15... Bf6 16. Ne5 $1 Qc7 17. Ng4 Nd7 18. f5 $40 Rad8
19. Bh6 Bg7 20. d6 $1 exd6 21. Qd2 Bxh6 22. Qxh6 Kh8 23. Rbe1 c4 24. fxg6 fxg6
25. Re7 Rxf1+ 26. Kxf1 Rf8+ 27. Ke2 {1-0,Liss,E-Gofshtein,L/Rishon le Zion/
1994/}) 16. Bxc5 (16. Ne5 Qc7 17. Ng4 Nd7 18. f5 Nf6 $15) 16... Rd8 17. Ne5 Qc7
(17... Qxd5 18. Bxe7 Qxd1 19. Rfxd1 Rxd1+ 20. Rxd1 Nc6 21. Nxc6 bxc6 22. Rd7
$36 {<->d}) (17... Bxe5 18. fxe5 Qxd5 19. Bxe7 Qxd1 20. Rbxd1 Rxd1 21. Rxd1 Nc6
22. Bf6 $16) 18. Ba3 Nc6 $1 $132 19. Qf3 (19. Nxc6 bxc6 20. c4 cxd5 21. cxd5
Bf6 {/\Qa5-/+}) 19... Nd4 (19... Bxe5 20. fxe5 (20. dxc6 $2 Bd4+) 20... Nxe5
21. Qe4 $44 {/\Bb2,Rae1,d6}) 20. Qe4 Nf5 (20... Nxc2 $2 21. Rfc1 $18) 21. Rb3 (
21. d6 $2 Nxd6 22. Bxd6 exd6 23. Rxb7 Qc5+ $19) 21... Rac8 22. Rc1 Nd6 23. Qe2
Bxe5 $1 $15 24. Qxe5 (24. fxe5 Nc4 25. d6 exd6 26. exd6 Nxd6 27. Bb2 Nc4 $17)
24... Nc4 (24... Rd7 $6 25. Bb2 f6 26. Qe6+ Kf8 27. c4 $36) 25. Qxe7 Rd7 26.
Qe4 Nxa3 27. Rxa3 Qc5+ 28. Qe3 Qxe3+ 29. Rxe3 Rxd5 {><a2,c2,f4} 30. Re7 Rb5 31.
a4 (31. c4 $5 $132) 31... Rb4 32. a5 a6 $6 (32... Kf8 $142 $1 $15) 33. c3 Rxf4
34. Rxb7 $10 Rc5 (34... Rf5 35. Rf1 Rxf1+ 36. Kxf1 Rxc3 37. Rb6 $10) 35. c4 h5
(35... Rxa5 $6 36. c5 Ra2 $8 37. c6 Rff2 38. c7 Rxg2+ $10) 36. Rb6 Rfxc4 37.
Rxc4 Rxc4 38. Rxa6 Ra4 39. Kf2 Ra2+ 40. Kf3 h4 41. Ra8+ Kg7 42. a6 Ra4 (42...
Ra4 43. Ra7 $10) 1/2-1/2

[Event "St Petersburg-ch"]
[Site "St Petersburg"]
[Date "1995.??.??"]
[Round "11"]
[White "Lukin, Andrei M"]
[Black "Gubanov, Anton"]
[Result "1-0"]
[WhiteElo "2420"]
[BlackElo "2420"]
[Annotator "Stohl,I"]
[PlyCount "71"]
[EventDate "1995.04.??"]
[EventType "tourn"]
[EventRounds "12"]
[EventCountry "RUS"]
[EventCategory "9"]
[SourceTitle "CBM 047"]
[Source "ChessBase"]
[SourceDate "1995.08.01"]
[SourceVersion "1"]
[SourceVersionDate "1995.08.01"]
[SourceQuality "1"]

1. e4 {Chekhov} d6 2. d4 Nf6 3. Nc3 g6 4. f4 Bg7 5. Nf3 c5 6. Bb5+ Bd7 7. e5
Ng4 8. Bxd7+ $5 (8. e6 fxe6 (8... Bxb5 {Chekhov} 9. exf7+ Kd7 10. Nxb5 Qa5+ 11.
Nc3 cxd4 12. Nxd4 h5 13. h3 Nc6 14. Nde2 Nh6 15. Be3 Nf5 16. Bf2 Rac8 $132 {
Stefansson,H-Gurevich,M/Tilburg/1994/1:0/55/}) 9. Ng5 Bxb5 10. Nxe6 Bxd4 $13)
8... Qxd7 9. d5 dxe5 10. h3 e4 11. Nxe4 Nf6 12. Nxf6+ Bxf6 13. O-O O-O 14. Be3
(14. c4 $16 {Chekhov}) 14... Rd8 $5 $146 {N/} (14... Bxb2 15. Rb1 Bg7 (15...
Bf6 16. Ne5 $1 Qc7 17. Ng4 Nd7 18. f5 Rad8 19. Bh6 Bg7 20. d6 $1 exd6 21. Qd2
$40 {Liss,E-Gofshtein,L/Rishon le Zion/1994/}) 16. Bxc5 Rd8 17. Ne5 Qc7 18. Ba3
Nc6 $1 19. Qf3 Nd4 20. Qe4 Nf5 21. Rb3 Rac8 22. Rc1 Nd6 23. Qe2 Bxe5 24. Qxe5
Nc4 $15 {Liss,E-Chernin,A/Rishon le Zion/1994/}) (14... Na6 {Chekhov} 15. Ne5
Qd6 16. Ng4 Bxb2 17. Rb1 Bg7 18. f5 Nc7 (18... Nb4 19. c4 Nxa2 20. Rxb7 Nc3 21.
Qd3 gxf5 22. Rxf5 Qg6 23. Ne5 Ne2+ $1 24. Kf2 Bxe5 25. Rg5 Nf4 $44 {Yusupov,
A-Hort,V/GER/1994/0,5/83/}) 19. Rxb7 $1 Nxd5 20. f6 exf6 21. c4 h5 22. Nh6+ Kh7
23. Nf5 gxf5 24. cxd5 Kg8 25. Rxf5 $40 {Yusupov,A-Adams,M-Dortmund/1994/1:0/44/
}) 15. c4 (15. Qe2 $5 Bxb2 16. Rad1 Qd6 17. Qb5 Bf6 18. Qxb7 Nd7 19. Ng5 Rab8
20. Qxa7 Ra8 21. Qb7 Rdb8 22. Qc6 Ra6 23. Qxd6 exd6 24. Rb1 Re8 25. Rb7 Rxe3
26. Rxd7 Re7 $1 $10 {Lau,R-Chabanon,J/Bad Endbach/1995/}) 15... e6 (15... Qc7
16. Qe2 Nd7 17. f5 $36) 16. Ne5 $1 Qd6 (16... Bxe5 $6 17. fxe5 exd5 18. Bg5 Nc6
$8 19. Bf6 $1 $40) 17. Ng4 Bxb2 (17... Bg7 18. dxe6 $16) 18. Rb1 (18. dxe6 f5
$5 $13) 18... Bg7 19. dxe6 (19. Rxb7 exd5 20. f5 $5 $44) 19... f5 (19... Qe7
20. Rxb7 $1 $16) (19... Qxd1 20. Rbxd1 Rxd1 21. Rxd1 Nc6 (21... fxe6 22. Rd8+
Kf7 23. Bxc5 $18) 22. exf7+ Kxf7 23. Rd7+ $16) 20. Ne5 $1 Bxe5 $2 (20... Nc6 $1
$8 21. Qxd6 Rxd6 22. Nxc6 bxc6 23. Bxc5 (23. e7 Bd4 24. Rfe1 Re8 $15) 23...
Rxe6 $10) 21. fxe5 Qxd1 (21... Qf8 22. Qf3 $18) 22. Rfxd1 Rxd1+ 23. Rxd1 Nc6
24. Rd7 b6 (24... Nxe5 $142 25. Rxb7 Nxc4 26. Bxc5 Re8 $16) (24... Re8 $1 {
Chekhov} 25. Bh6 Rxe6 26. Rg7+ Kh8 27. Rxb7 Kg8) 25. Bh6 Nxe5 (25... Re8 26.
Rg7+ Kh8 27. Rc7 $1 $18) 26. Rg7+ Kh8 (26... Kf8 27. Rxa7+) 27. Rc7 {/\Bg7/}
Kg8 28. Bg7 $1 Re8 (28... Nxc4 29. Bf6 Nd6 30. Rg7+ Kf8 31. e7+ Ke8 32. Rg8+
Kf7 33. Rxa8 Kxf6 34. e8=Q Nxe8 35. Rxe8 $18) 29. Bxe5 $18 Rxe6 30. Bf4 $5 Re4
31. Bh6 Rxc4 32. Rg7+ Kf8 $8 (32... Kh8 33. Rf7 $18) 33. Rxh7+ Ke8 34. Rxa7 b5
35. a3 Rc3 36. Bg5 1-0